| 000 | 00929nac a22002291u 4500 | ||
|---|---|---|---|
| 010 | _a 94006085 | ||
| 020 | _a0863801609 (Research Studies Press) | ||
| 020 | _a0471944394 (Wiley) | ||
| 082 | 0 | 0 |
_a658.1552 _bI582 |
| 090 |
_c3978 _d3978 |
||
| 100 | _aInnes, John, | ||
| 245 | 1 | 0 |
_aActivity costing for engineers / _cJohn Innes, Falconer Mitchell, and Takeo Yoshikawa. |
| 260 |
_aTaunton, Somerset, England : _bResearch Studies Press ; _aNew York : _bWiley,1994 _c1994. |
||
| 300 |
_axiv, 154 p. : _bill. ; _c24 cm. |
||
| 440 | 0 |
_aEngineering management series ; _v1 |
|
| 504 | _aIncludes bibliographical references and indexes. | ||
| 650 | 0 |
_aEngineering _xEstimates. |
|
| 700 | 1 | _aMitchell, Falconer. | |
| 700 | 1 |
_aYoshikawa, Takeo, _d1942- |
|
| 942 |
_cBB _k658.1552I582 |
||
| 999 |
_c3978 _d3978 |
||